02342nam a22002057a 4500003000400000005001700004007000300021008003400024040002500058082002200083110009600105245012400201260003300325300002300358505159000381650004201971650004802013700003502061700004002096OSt20250205122719.0ta201029b 2004 dr 00| 0 eng d aDO-SdBNPbspacBNPHU 4a345.05bR426c2221 aRepública Dominicana.bComisionado de Apoyo a la Reforma y Modernización de la Justicia10aCompendio de la normativa procesal penal /cpresentación Alejandro Moscoso Segarra ; prólogo César Pina Toribio  aSanto Domingo :bCAMJ,c2004 a415 p. ; c22 cm. 0 aPresentación --tPrólogo -- tLey No. 76 /02 que establece el código procesal penal de la republica dominicana -- tLey No. 278 / 04 sobre la implementación del proceso penal instituido por la ley No.76 -- 02t Ley No.78 /03 que aprueba el estatuto del ministerio público -- tLey No. 277/ 04 que crea el servicio nacional de defensa publica -- tLey No. 96 /04 ley institucional de la policía nacional -- tDecretos tDec. No. 420 / 02 que crea la comisión nacional de ejecución --tDec. No. 644 / 03 que aprueba el reglamento de integración del consejo general de procuradores -- tDes. No. 873 / 04 que dispone que los miembros del ministerio público tendrán carácter de provisionales y podrán ser sustituidos por el presidente de la república en cualquier momento -- tDec. No. 1154/ 04 que modifica el artículo 1 del decreto no. 420 -- 02, de fecha 6 de julio del 2002, integra nuevamente la comisión nacional de ejecución de la reforma procesal penal --t Resolución No. 1920 /03 sobre medidas anticipadas -- t Resolución No. 1170 /04 sobre la designación los jueces y tribunales liquidadores competentes para conocer y decidir sobre los expedientes en trámite en la jurisdicción penal para la implementación del código procesal penal -- t Resolución No. 1207/04 sobre denominación de estructuras de tribunales -- tResolución No. 14786 / 03 sobre pautas al ministerio publico -- tResolución No. 12156 /03 sobre fiscales liquidadores -- t Resolución No. 12437 03 sobre criterios de oportunidad en caso de transito --  4aDerecho penalzRepública Dominicana 4aProcedimiento penalzRepública Dominicana1 aPina Toribio, Césarepról.1 aMoscoso Segarra, Alejandro Ad1964-